| 000 | 00636nam a22001937a 4500 | ||
|---|---|---|---|
| 003 | OSt | ||
| 005 | 20140310182216.0 | ||
| 008 | 130907t xxu||||| |||| 00| 0 eng d | ||
| 020 | _a0884413160 | ||
| 050 |
_aG 465 _b.W927 1977 |
||
| 082 |
_aHS 369.46302 _bW89 1977 |
||
| 110 |
_aGirl Scouts of the U.S.A _917032 |
||
| 245 |
_aWorlds to explore : _bhandbook for brownie and junior girl scouts / _cGirls Scouts of the U.S.A. |
||
| 260 |
_aNew York : _bGirls Scouts of the U.S.A, _cc1977. |
||
| 300 |
_a392 p. : _bcol. ill. ; _c23 cm. |
||
| 650 |
_aGirls Scouts _xHandbooks, manuals, etc. _917033 |
||
| 942 |
_2lcc _cHS |
||
| 999 |
_c10590 _d10590 |
||